La idea de la justicia en la tradición filosófica del mundo occidental y en el pensamiento español / (Record no. 41922)

MARC details
000 -LEADER
campo de control de longitud fija 00613nam a2200157 i 4500
001 - NÚMERO DE CONTROL
campo de control 41922
003 - IDENTIFICADOR DE NÚMERO DE CONTROL
campo de control ES-MaACL
007 - CAMPO FIJO DE DESCRIPCIÓN FÍSICA--INFORMACIÓN GENERAL
campo de control de longitud fija t|
008 - DATOS DE LONGITUD FIJA--INFORMACIÓN GENERAL
campo de control de longitud fija 030312s1946 sp ||||1| spa d
100 1# - ENTRADA PRINCIPAL--NOMBRE DE PERSONA
Nombre de persona Castán Tobeñas, José,
Fechas asociadas al nombre 1889-1969
9 (RLIN) 36392
245 13 - MENCIÓN DEL TÍTULO
Título La idea de la justicia en la tradición filosófica del mundo occidental y en el pensamiento español /
Mención de responsabilidad, etc. discurso leído por José Castán Tobeñas, en la solemne apertura de los Tribunales celebrada el 16 de septiembre de 1946.
260 ## - PUBLICACIÓN, DISTRIBUCIÓN, ETC.
Lugar de publicación, distribución, etc. Madrid :
Nombre del editor, distribuidor, etc. Reus,
Fecha de publicación, distribución, etc. 1946.
300 ## - DESCRIPCIÓN FÍSICA
Extensión 100 p. ;
Dimensiones 24 cm.
852 ## - LOCALIZACIÓN
Ubicación ES-MaACL
Número de control de estantería E-2091
Sublocalización o colección R.22653
Holdings
Estatus retirado Estado de pérdida Estado de daño No para préstamo Biblioteca de origen Biblioteca actual Ubicación en estantería Fecha de adquisición Fuente de adquisición Total de préstamos Signatura topográfica completa Código de barras Visto por última vez Precio de reemplazo Tipo de ítem Koha
        Biblioteca del Ateneo de Madrid Biblioteca del Ateneo de Madrid Depósito 2 17/01/2008     E-2091 1044128 23/02/2023 23/02/2023 Libro impreso